Angkasa luaran
| Main Author: | |
|---|---|
| Other Authors: | |
| Format: | Book |
| Published: |
Kuala Lumpur :
Vinpress ,
1993
|
| Series: | Siri cakerawala
|
| Subjects: |
MARC
| LEADER | 00000cam a2200000 7i4500 | ||
|---|---|---|---|
| 001 | 0000003870 | ||
| 002 | 000004171 | ||
| 005 | 20051005.0 | ||
| 020 | |a 9678101513 | ||
| 090 | 0 | 0 | |a 523.7 |b RID |
| 100 | 1 | |a Ridpath, lan | |
| 245 | 1 | 0 | |a Angkasa luaran |c lan Ridpath ; terjemahan oleh Annaz dan Nor Rizan Nordin |
| 260 | |a Kuala Lumpur : |b Vinpress , |c 1993 | ||
| 300 | |a 47 p. ; |c 25 cm. | ||
| 490 | 0 | |a Siri cakerawala | |
| 650 | 0 | 0 | |a Outer space |x Juvenile literature |
| 700 | 1 | |a Annaz , |e translated by | |
| 999 | |a 032349 |b BUKU |c JUNIOR BOOKS |e PERPUSTAKAAN KOMUNITI PETALING JAYA | ||